[Event "Ville d'Orsay online Blitz"]
[Site "Europe Echecs INT"]
[Date "2021.02.07"]
[Round "8"]
[White "Lacan Rus, David"]
[Black "Bouville, David"]
[Result "1-0"]
[WhiteElo "1448"]
[BlackElo "1778"]
[PlyCount "75"]
[EventDate "2021.02.07"]
[EventType "swiss (blitz)"]
[EventRounds "11"]
[EventCountry "FRA"]
[SourceTitle "CBM 200 Extra"]
[Source "ChessBase"]
[SourceDate "2021.03.31"]
[SourceVersion "1"]
[SourceVersionDate "2021.03.31"]
[SourceQuality "1"]

1. e4 d5 2. exd5 Qxd5 3. Nc3 Qd6 4. d4 Nf6 5. Bc4 c6 6. Nf3 Bg4 7. Be3 Nbd7 8. h3 Bh5 9. 0-0 e6 10. Re1 Be7 11. Be2 0-0-0 12. Qd2 Bxf3 13. Bxf3 Nb6 14. Qe2 Nbd5 15. Nxd5 Nxd5 16. c3 Nxe3 17. Qxe3 h6 18. Qd3 Qf4 19. a4 Bd6 20. g3 Qf6 21. Bg2 h5 22. a5 Kc7 23. b4 h4 24. b5 c5 25. b6+ axb6 26. axb6+ Kd7 27. dxc5 Ke7 28. cxd6+ Rxd6 29. Qe4 Rxb6 30. c4 hxg3 31. fxg3 Rd8 32. c5 Rb2 33. Kh1 Rdd2 34. Rg1 Re2 35. Qc4 Rbc2 36. Qb5 Rxg2 37. Qxb7+ Ke8 38. Qc8+ 1-0

[Event "Orsay-C"]
[Site "Orsay"]
[Date "2009.02.17"]
[Round "3"]
[White "Msellek, Ilyass"]
[Black "Bouville, David"]
[Result "1-0"]
[WhiteElo "1846"]
[BlackElo "1789"]
[PlyCount "83"]
[EventDate "2009.02.15"]
[EventType "tourn"]
[EventRounds "7"]
[EventCountry "FRA"]
[SourceTitle "CBM 129 Extra"]
[Source "ChessBase"]
[SourceDate "2009.05.05"]
[SourceVersion "2"]
[SourceVersionDate "2009.05.20"]
[SourceQuality "1"]

1. d4 Nf6 2. Nf3 c5 3. d5 d6 4. Nc3 g6 5. e4 Bg7 6. Bb5+ Nbd7 7. a4 a6 8. Bd3 b6 9. 0-0 0-0 10. Bf4 Nh5 11. Be3 e5 12. dxe6 fxe6 13. Bc4 Ne5 14. Be2 Nf4 15. Bxf4 Rxf4 16. Qd2 Nxf3+ 17. Bxf3 Be5 18. Ne2 Rf7 19. Bg4 Qh4 20. f4 Bxb2 21. Rab1 Bd4+ 22. Nxd4 cxd4 23. Be2 b5 24. Qxd4 Bb7 25. g3 Qf6 26. Qxf6 Rxf6 27. Bd3 Bc6 28. axb5 axb5 29. e5 dxe5 30. fxe5 Rxf1+ 31. Kxf1 Kg7 32. Ke2 h5 33. Bxb5 Bxb5+ 34. Rxb5 h4 35. Kd3 g5 36. g4 Ra1 37. Rb7+ Kf8 38. c4 Ra2 39. c5 Rxh2 40. c6 Ke8 41. Rb8+ Ke7 42. c7 1-0

[Event "Orsay-C"]
[Site "Orsay"]
[Date "2009.02.15"]
[Round "1"]
[White "Bouville, David"]
[Black "Noe, Jean Jacques"]
[Result "0-1"]
[WhiteElo "1789"]
[BlackElo "1770"]
[PlyCount "72"]
[EventDate "2009.02.15"]
[EventType "tourn"]
[EventRounds "7"]
[EventCountry "FRA"]
[SourceTitle "CBM 129 Extra"]
[Source "ChessBase"]
[SourceDate "2009.05.05"]
[SourceVersion "2"]
[SourceVersionDate "2009.05.20"]
[SourceQuality "1"]

1. e4 e6 2. d4 d5 3. exd5 exd5 4. Bd3 Bd6 5. Nf3 Ne7 6. 0-0 0-0 7. Bxh7+ Kxh7 8. Ng5+ Kg8 9. Qh5 Bf5 10. Re1 f6 11. Ne6 Bxe6 12. Rxe6 Nbc6 13. c3 Qd7 14. Re1 Qf5 15. Qe2 Rfe8 16. Be3 Ng6 17. Qb5 Rab8 18. Nd2 a6 19. Qa4 Nf4 20. Nf1 Qg4 21. Ng3 Nh5 22. Qb3 Ne7 23. h3 Qg6 24. Nf1 Nf4 25. Bxf4 Bxf4 26. c4 dxc4 27. Qxc4+ Qf7 28. Qd3 c6 29. g3 Bd6 30. Re4 Qg6 31. Qb3+ Nd5 32. Rg4 Qf7 33. a3 f5 34. Rh4 Be7 35. Re1 Bxh4 36. gxh4 Rxe1 0-1

[Event "Orsay op"]
[Site "Orsay"]
[Date "2008.03.05"]
[Round "3"]
[White "Bouville, David"]
[Black "Jagstaidt, Patrick"]
[Result "0-1"]
[WhiteElo "1797"]
[BlackElo "2029"]
[PlyCount "74"]
[EventDate "2008.03.06"]
[EventType "swiss"]
[EventRounds "7"]
[EventCountry "FRA"]
[SourceTitle "EXT 2010"]
[Source "ChessBase"]
[SourceDate "2010.11.25"]
[SourceVersion "1"]
[SourceVersionDate "2010.11.25"]
[SourceQuality "1"]

1. e4 c6 2. d4 d5 3. Nc3 dxe4 4. Nxe4 Bf5 5. Ng3 Bg6 6. Be3 Nf6 7. Nf3 e6 8. Be2 Bd6 9. Ne5 Bxe5 10. dxe5 Qa5+ 11. Bd2 Qxe5 12. Bc3 Qf4 13. 0-0 Nbd7 14. Ba5 Qa4 15. Qd2 Qxc2 16. Qd6 Qc5 17. Qc7 Nd5 18. b4 Nxc7 19. bxc5 Nd5 20. Rac1 0-0 21. Rfe1 b6 22. cxb6 axb6 23. Bc3 Rxa2 24. Bc4 Rc2 25. Bxd5 Rxc1 26. Rxc1 exd5 27. h4 h6 28. Ne2 Re8 29. Nf4 Re4 30. g3 Rc4 31. Nxg6 fxg6 32. Kf1 Nc5 33. Bd2 Nb3 34. Rd1 Rd4 35. Ke1 Rxd2 36. Rxd2 Nxd2 37. Kxd2 c5 0-1

[Event "FRA-chT2B 0506"]
[Site "France"]
[Date "2006.04.02"]
[Round "11.7"]
[White "Marin, Sebastien"]
[Black "Bouville, David"]
[Result "1-0"]
[WhiteElo "2153"]
[BlackElo "1770"]
[PlyCount "77"]
[EventDate "2005.10.27"]
[EventType "team-tourn"]
[EventRounds "11"]
[EventCountry "FRA"]
[SourceTitle "EXT 2006"]
[Source "ChessBase"]
[SourceDate "2005.11.24"]
[SourceVersion "1"]
[SourceVersionDate "2005.11.24"]
[SourceQuality "1"]
[WhiteTeam "Pontoise"]
[BlackTeam "Gif sur Yvette"]
[WhiteTeamCountry "FRA"]
[BlackTeamCountry "FRA"]

1. e4 d6 2. d4 g6 3. Nc3 Bg7 4. Nf3 Bg4 5. Be3 Nd7 6. Bc4 Ngf6 7. Qd2 Bxf3 8. gxf3 Nb6 9. Be2 a6 10. 0-0-0 Qd7 11. b3 c6 12. Rhg1 Qc7 13. f4 0-0-0 14. a4 e6 15. e5 dxe5 16. fxe5 Nfd5 17. Ne4 f5 18. Nc5 Qf7 19. Bg5 Rde8 20. c4 h6 21. cxd5 hxg5 22. dxc6 Rxh2 23. cxb7+ Kb8 24. Qb4 Qc7 25. Kb1 Qc6 26. Nxa6+ Ka7 27. b8Q+ Rxb8 28. Nxb8 Kxb8 29. a5 Rxf2 30. Bd3 Ka7 31. axb6+ Qxb6 32. Qxb6+ Kxb6 33. Rxg5 Bh6 34. Rxg6 Be3 35. Rxe6+ Ka5 36. Bc2 f4 37. d5 Kb5 38. d6 Bb6 39. d7 1-0